Crustáceos decápodos mediterráneos (Record no. 130593)

MARC details
000 -LEADER
campo de control de longitud fija 00867nam a2200217 i 4500
001 - NÚMERO DE CONTROL
campo de control 130593
003 - IDENTIFICADOR DE NÚMERO DE CONTROL
campo de control ES-MaACL
005 - FECHA Y HORA DE LA ÚLTIMA TRANSACCIÓN
campo de control 20230906193801.0
007 - CAMPO FIJO DE DESCRIPCIÓN FÍSICA--INFORMACIÓN GENERAL
campo de control de longitud fija t|
008 - DATOS DE LONGITUD FIJA--INFORMACIÓN GENERAL
campo de control de longitud fija 070801s1946 sp ||||1| spa d
100 1# - ENTRADA PRINCIPAL--NOMBRE DE PERSONA
Nombre de persona Zariquiey Alvarez, Ricardo.
9 (RLIN) 118077
245 10 - MENCIÓN DEL TÍTULO
Título Crustáceos decápodos mediterráneos
Resto del título : manual de clasificación de las especies que pueden capturarse en las costas mediterráneas españolas /
Mención de responsabilidad, etc. Ricardo Zariquiey Alvarez.
260 ## - PUBLICACIÓN, DISTRIBUCIÓN, ETC.
Lugar de publicación, distribución, etc. Barcelona :
Nombre del editor, distribuidor, etc. [s.n.],
Fecha de publicación, distribución, etc. 1946 (
Fabricante Tall. Gráfs. Rubiralta)
300 ## - DESCRIPCIÓN FÍSICA
Extensión 181 p. :
Otras características físicas il. ;
Dimensiones 24 cm.
490 1# - MENCIÓN DE SERIE
Mención de serie Publicaciones sobre biología mediterránea ;
Designación de volumen o secuencia II
650 14 - PUNTO DE ACCESO ADICIONAL DE MATERIA--TÉRMINO DE MATERIA
Término de materia o nombre geográfico como elemento de entrada Crustáceos.
9 (RLIN) 11462
710 2# - ENTRADA AGREGADA--NOMBRE DE ENTIDAD CORPORATIVA
Nombre de entidad corporativa o nombre de jurisdicción como elemento de entrada Instituto de Estudios Mediterraneos (Barcelona)
9 (RLIN) 151482
830 0# - PUNTO DE ACCESO ADICIONAL DE SERIE-TÍTULO UNIFORME
Título uniforme Publicaciones sobre biología mediterránea ;
Designación de volumen o secuencia II
9 (RLIN) 186830
852 ## - LOCALIZACIÓN
Ubicación ES-MaACL
Número de control de estantería E-3339
Holdings
Estatus retirado Estado de pérdida Estado de daño No para préstamo Biblioteca de origen Biblioteca actual Ubicación en estantería Fecha de adquisición Fuente de adquisición Total de préstamos Signatura topográfica completa Código de barras Visto por última vez Precio de reemplazo Tipo de ítem Koha
        Biblioteca del Ateneo de Madrid Biblioteca del Ateneo de Madrid Depósito 2 17/01/2008     E-3339 1135971 23/02/2023 23/02/2023 Libro impreso